Arribes del Duero : (Record no. 182498)
[ view plain ]
| 000 -LEADER | |
|---|---|
| campo de control de longitud fija | 01149nam a2200289 i 4500 |
| 001 - NÚMERO DE CONTROL | |
| campo de control | 182498 |
| 003 - IDENTIFICADOR DE NÚMERO DE CONTROL | |
| campo de control | ES-MaACL |
| 005 - FECHA Y HORA DE LA ÚLTIMA TRANSACCIÓN | |
| campo de control | 20251003063157.0 |
| 008 - DATOS DE LONGITUD FIJA--INFORMACIÓN GENERAL | |
| campo de control de longitud fija | 130909s2009 sp a | |||||||| | spa d |
| 020 ## - NÚMERO INTERNACIONAL ESTÁNDAR DEL LIBRO | |
| Número Internacional Estándar del Libro | 978-84-7797-313-3 |
| 080 ## - NÚMERO DE LA CLASIFICACIÓN DECIMAL UNIVERSAL | |
| Número de la Clasificación Decimal Universal | 913(460.187 Arribes del Duero)(084) |
| 100 1# - ENTRADA PRINCIPAL--NOMBRE DE PERSONA | |
| Nombre de persona | Sierra Puparelli, Vicente, |
| Fechas asociadas al nombre | 1952- |
| 9 (RLIN) | 153365 |
| 245 10 - MENCIÓN DEL TÍTULO | |
| Título | Arribes del Duero : |
| Resto del título | tierra de límites / |
| Mención de responsabilidad, etc. | Vicente Sierra Puparelli ; Antonio Colinas, José Antonio Pascual, Juan Francisco Blanco. |
| 250 ## - MENCION DE EDICION | |
| Mención de edición | 1ª ed. |
| 260 ## - PUBLICACIÓN, DISTRIBUCIÓN, ETC. | |
| Lugar de publicación, distribución, etc. | Salamanca : |
| Nombre del editor, distribuidor, etc. | Departamento de Cultura, |
| Fecha de publicación, distribución, etc. | 2009. |
| 300 ## - DESCRIPCIÓN FÍSICA | |
| Extensión | 231 p. : |
| Otras características físicas | principalmente il. col. ; |
| Dimensiones | 25 x 30 cm. |
| 490 1# - MENCIÓN DE SERIE | |
| Mención de serie | Paisajes salmantinos ; |
| Designación de volumen o secuencia | n. 1 |
| 651 #4 - PUNTO DE ACCESO ADICIONAL DE MATERIA--NOMBRE GEOGRÁFICO | |
| Nombre geográfico | Arribes del Duero. |
| 9 (RLIN) | 153366 |
| 700 0# - ENTRADA AGREGADA--NOMBRE PERSONAL | |
| Nombre de persona | Colinas, Antonio, |
| Fechas asociadas al nombre | 1946- |
| 9 (RLIN) | 39602 |
| 700 0# - ENTRADA AGREGADA--NOMBRE PERSONAL | |
| Nombre de persona | Pascual, José A., |
| Fechas asociadas al nombre | 1942- |
| 9 (RLIN) | 89353 |
| 700 1# - ENTRADA AGREGADA--NOMBRE PERSONAL | |
| Nombre de persona | Blanco, Juan Francisco. |
| 9 (RLIN) | 153367 |
| 830 0# - PUNTO DE ACCESO ADICIONAL DE SERIE-TÍTULO UNIFORME | |
| Título uniforme | Paisajes salmantinos ; |
| Designación de volumen o secuencia | n. 1 |
| 9 (RLIN) | 224838 |
| 852 ## - LOCALIZACIÓN | |
| Ubicación | ES-MaACL |
| Número de control de estantería | A-12882 |
| itemnumber | 189410 |
| Sublocalización o colección | R.149775 |
| Ubicación en estantería | Depósito 1 |
| Signatura antigua | Olim: N-5882 |
| Encuadernación | Donación: Real Academia Española |
| 914 ## - NOMBRE ENTIDAD DE DONANTE | |
| RLIN | 6336 |
| Nombre de congreso/reunión o jurisdicción como elemento de entrada | Real Academia Española |
| Unidad subordinada | Donante |
| 942 ## - ELEMENTOS DE ENTRADA SECUNDARIOS (KOHA) | |
| Fuente del sistema de clasificación o colocación | Clasificación decimal universal |
| Tipo de ítem Koha | Libro impreso |
| Estatus retirado | Estado de pérdida | Fuente del sistema de clasificación o colocación | Estado de daño | No para préstamo | Biblioteca de origen | Biblioteca actual | Ubicación en estantería | Fecha de adquisición | Fuente de adquisición | Total de préstamos | Signatura topográfica completa | Código de barras | Visto por última vez | Precio de reemplazo | Tipo de ítem Koha |
|---|---|---|---|---|---|---|---|---|---|---|---|---|---|---|---|
| Clasificación decimal universal | Biblioteca del Ateneo de Madrid | Biblioteca del Ateneo de Madrid | Depósito 1 | 09/09/2013 | Donación | A-12882 | 1191787 | 23/02/2023 | 23/02/2023 | Libro impreso |
